College Quizbowl Stats
College Quizbowl Stats
Circuits
Seasons
Sets
Records
Detailed Stats
About
Loading...
2024 ARGOS @ Stanford
Tossups
Bonuses
Players
Teams
Categories (Tossup)
Categories (Bonus)
Rohan Shelke
UC Berkeley A
Categories
Category
Powers
Gets
Negs
BBs
Points
Earliest Buzz
Avg. Buzz
First Buzzes
Top 3 Buzzes
Science - Biology
0
5
1
2
45
83
113.00
1
5
Science - Chemistry
0
3
1
2
25
87
118.67
0
3
Science - Other Science
1
0
0
0
15
52
52.00
1
1
Science - Physics
1
0
0
0
15
47
47.00
1
1
Geography
1
0
3
1
0
39
39.00
1
1
Buzzes
Category
Answer
Value
Buzz Position
Geography
Ladakh
-5
36
Geography
Afar Triangle
15
39
Geography
Lake Kivu
-5
39
Science - Physics
flavor
15
47
Science - Other Science
eyes of tropical cyclones
15
52
Science - Biology
autophagy
10
83
Science - Chemistry
surfaces
10
87
Science - Chemistry
Raman spectroscopy
-5
87
Science - Biology
gram-negative bacterial cells
10
99
Science - Biology
amyloid beta
-5
116
Previous
1
2
Next